[Event "London Mindsports Blitz"]
[Site "London"]
[Date "2022.09.11"]
[Round "6.6"]
[White "Bonn, Thomas"]
[Black "Mozaffari, Mohammad Hossein"]
[Result "1-0"]
[WhiteElo "2132"]
[BlackElo "1701"]
[PlyCount "59"]
[EventDate "2022.09.11"]
[EventType "swiss (blitz)"]
[EventRounds "9"]
[EventCountry "ENG"]
[SourceTitle "CBM 210 Extra"]
[Source "ChessBase"]
[SourceDate "2022.11.30"]
[SourceVersion "1"]
[SourceVersionDate "2022.11.30"]
[SourceQuality "1"]

1. d4 Nf6 2. Nf3 g6 3. Bf4 Bg7 4. h3 d6 5. e3 Nbd7 6. Be2 c6 7. 0-0 0-0 8. c4 c5 9. Nc3 a6 10. Rc1 Qa5 11. Qd2 Re8 12. Rfd1 Nh5 13. Bh2 Nf8 14. Nd5 Qd8 15. dxc5 e6 16. Nb6 Rb8 17. Bxd6 Nd7 18. Bxb8 Qe7 19. Nxd7 Rd8 20. Qd6 Qxd6 21. Rxd6 Rxd7 22. Rxd7 Bxd7 23. Rd1 Nf6 24. Be5 Bc6 25. Rd8+ Ne8 26. Bxg7 Kxg7 27. Nd4 Nf6 28. Nxc6 bxc6 29. Rc8 Ne4 30. Rxc6 1-0

[Event "London Classic op U1750 11th"]
[Site "London"]
[Date "2019.12.05"]
[Round "4"]
[White "Fleri, Luke"]
[Black "Mozaffari, Mohammad Hossein"]
[Result "1-0"]
[WhiteElo "1698"]
[BlackElo "1608"]
[PlyCount "57"]
[EventDate "2019.12.02"]
[EventType "swiss"]
[EventRounds "5"]
[EventCountry "ENG"]
[SourceTitle "CBM 195 Extra"]
[Source "ChessBase"]
[SourceDate "2020.05.31"]
[SourceVersion "1"]
[SourceVersionDate "2020.05.31"]
[SourceQuality "1"]

1. e4 e5 2. Nf3 Nc6 3. d4 exd4 4. Bc4 Nf6 5. e5 Ne4 6. Qe2 Nc5 7. c3 dxc3 8. Nxc3 Be7 9. 0-0 0-0 10. Rd1 Ne6 11. Ne4 Nc5 12. Nxc5 Bxc5 13. e6 fxe6 14. Bxe6+ Kh8 15. Qc2 Qe7 16. Bf5 Nd4 17. Nxd4 Bxd4 18. Bf4 Qc5 19. Rxd4 Qxd4 20. Bxc7 d5 21. Bxh7 Qh4 22. Qc5 Bg4 23. Bd3 Rac8 24. Rc1 Rf7 25. g3 Qh3 26. Bf1 Qh5 27. Qd6 Qf5 28. f4 Qd7 29. Qe5 1-0

[Event "London Chess Classic op 10th"]
[Site "London"]
[Date "2018.12.13"]
[Round "5"]
[White "Mozaffari, Mohammad Hossein"]
[Black "Ainscow, Faye"]
[Result "1/2-1/2"]
[WhiteElo "1615"]
[BlackElo "1309"]
[PlyCount "47"]
[EventDate "2018.12.09"]
[EventType "swiss"]
[EventRounds "5"]
[EventCountry "ENG"]
[SourceTitle "EXT 2021"]
[Source "ChessBase"]
[SourceDate "2020.10.23"]
[SourceVersion "1"]
[SourceVersionDate "2020.10.23"]
[SourceQuality "1"]

1. e4 c6 2. d4 d5 3. exd5 cxd5 4. Bd3 Nf6 5. c3 Nc6 6. Bf4 e6 7. Nf3 Bd6 8. Bxd6 Qxd6 9. 0-0 Bd7 10. Re1 0-0 11. Nbd2 Rae8 12. Ne5 Bc8 13. f4 Nd7 14. Qh5 g6 15. Bxg6 fxg6 16. Nxg6 Rf5 17. Qxf5 exf5 18. Rxe8+ Kf7 19. Rxc8 hxg6 20. g3 Nf6 21. Re1 Ne4 22. Nxe4 fxe4 23. b4 Qd7 24. Rh8 1/2-1/2

[Event "London Chess Classic op 10th"]
[Site "London"]
[Date "2018.12.09"]
[Round "1"]
[White "Englisch, Susanne"]
[Black "Mozaffari, Mohammad Hossein"]
[Result "0-1"]
[WhiteElo "1301"]
[BlackElo "1615"]
[PlyCount "60"]
[EventDate "2018.12.09"]
[EventType "swiss"]
[EventRounds "5"]
[EventCountry "ENG"]
[SourceTitle "EXT 2021"]
[Source "ChessBase"]
[SourceDate "2020.10.23"]
[SourceVersion "1"]
[SourceVersionDate "2020.10.23"]
[SourceQuality "1"]

1. d4 Nf6 2. Nf3 d5 3. g3 c5 4. c4 Bf5 5. Bg2 Nc6 6. 0-0 e6 7. b3 dxc4 8. dxc5 cxb3 9. Qxb3 Qc8 10. Be3 Nd5 11. Bd4 Qc7 12. Nbd2 Bg6 13. Nc4 Nxd4 14. Nxd4 Bxc5 15. Qb5+ Kf8 16. Nb3 Rc8 17. Nxc5 Qxc5 18. Qxc5+ Rxc5 19. Ne5 Ke7 20. e4 Nc3 21. Rfe1 Rxe5 22. f4 Rc5 23. f5 Bh5 24. Kf2 f6 25. Rac1 Rhc8 26. a3 Nxe4+ 27. Rxe4 Rxf5+ 28. Ke3 Rxc1 29. g4 Re1+ 30. Kd3 Rxe4 0-1